[Event "Sigeman & Co 09th"]
[Site "Malmo"]
[Date "2001.06.13"]
[Round "2"]
[White "Gulko, Boris F"]
[Black "Radjabov, Teimour"]
[Result "1-0"]
[WhiteElo "2606"]
[BlackElo "2533"]
[Annotator "Stohl,I"]
[PlyCount "85"]
[EventDate "2001.06.12"]
[EventType "tourn"]
[EventRounds "9"]
[EventCountry "SWE"]
[EventCategory "13"]
[SourceTitle "CBM 084"]
[Source "ChessBase"]
[SourceDate "2001.09.13"]
[SourceVersion "1"]
[SourceVersionDate "2001.09.13"]
[SourceQuality "1"]

1. g3 g6 2. Bg2 Bg7 3. d4 d6 4. e4 e5 {A surprisingly committal move at a very
early stage of the game. Although the simplification doesn't give White a
large advantage, his position is certainly more pleasant to play without any
risk involved.} (4... Nf6 5. Ne2 {-B06,B07 can lead to standard Pirc positions.
} (5. c4 Nc6 $5 {-E60})) (4... Nc6 5. d5 $5 Ne5 6. f4 Nd7 7. Ne2 c6 8. O-O cxd5
9. exd5 Nh6 10. c3 Nf5 11. Na3 Qb6+ 12. Kh1 Nf6 13. Qb3 Bd7 14. Bd2 h5 15. Bf3
Qa6 16. Rae1 b6 17. Nc2 Rc8 18. Nb4 Qb7 19. c4 O-O 20. Bc3 a5 21. Nc6 Rxc6 22.
dxc6 Bxc6 23. Nd4 Nxd4 24. Bxd4 Ne4 $44 {Ekstroem,R-Zueger,B/Biel op/1998/}) 5.
dxe5 (5. Ne2 Nf6 6. Nbc3 O-O {-B07}) 5... dxe5 (5... Bxe5 6. Nf3 $14 {[%csl
Ge4] [+]}) 6. Qxd8+ Kxd8 7. b3 $14 {Geller,E (2550)-Lerner,K (2475) URS-ch47
Minsk 1979 1-0 White strives for a quick 0-0-0, while Black still has to solve
the problem of his K in the [+], as c6 (/\Kc7) can seriously weaken d6. A
model game in a similar position was} (7. Nc3 c6 8. f4 Nd7 9. Nf3 f6 10. O-O
Nh6 11. a4 a5 12. Nd1 Nf7 13. Nf2 Bf8 14. Nd3 Nc5 15. Nfe1 Be6 16. Be3 Nd7 17.
b3 Ke8 18. c4 Nd8 19. Nf3 c5 20. fxe5 fxe5 21. Ng5 Bh6 22. Rae1 Bxg5 23. Bxg5
b6 24. Bh6 Nc6 25. Nc1 Nd4 $11 {1/2,Speelman,J-Jadoul,M/Brussels/1985/}) (7. f4
$5 exf4 (7... Nf6 8. Nc3 Nc6 9. Nf3 Be6 10. Bd2 h6 11. O-O-O Kc8 12. Rhf1 Re8
13. b3 Kb8 14. Rde1 a6 15. Nh4 Nd4 16. f5 $36 {Khenkin,I-Hickl,J/SWZ-ch Luzern/
1994/}) 8. gxf4 Nf6 9. Nc3 Re8 10. Nge2 c6 11. Be3 Na6 12. O-O-O+ Ke7 13. Rhe1
$14 {[%csl Gd1,Ge1,Ge4,Gf4] [+]} Kf8 14. e5 $6 Ng4 15. Bg1 f6 16. h3 Nh6 17.
exf6 Bxf6 18. Nd4 Rxe1 19. Rxe1 Nf5 20. Ne6+ Bxe6 21. Rxe6 Kf7 $11 {Bee,M-Bree,
T/Ruhrgebiet/1997/}) 7... Be6 (7... Nc6 8. Bb2 Nd4 $6 9. Na3 c6 10. O-O-O Kc7
11. Nc4 {[%cal Rc4e5] /\Ne5} c5 12. Nf3 Bg4 13. Rd3 f6 14. c3 Bxf3 15. Bxf3
Nxf3 16. Rxf3 Ne7 17. Kc2 Rad8 18. Ne3 Rhf8 19. c4 Rd7 20. Bc3 Nc6 21. g4 Nd4+
22. Bxd4 Rxd4 23. Re1 Kc6 24. Nd5 $16 {Blatny,P-Tomczak,R/BL2N 9394/1994/}) (
7... c6 8. Bb2 (8. Ba3 $5 $14 {[%cal Yb1d2,Ye1c1] /\Nd2,0-0-0}) 8... Be6 9. Nd2
Nd7 10. Bh3 Bxh3 11. Nxh3 f6 12. Rd1 Nh6 $1 {An important difference, compared
to the later course of the game-Black's N covers ><d6 from f7.} 13. Ke2 Kc7 14.
f3 Rad8 15. Nf2 Nf7 16. Nc4 h5 $11 {1/2,Nielsen,N-Jacobsen,B/Aarhus/1987/}) 8.
Bb2 Nd7 9. Nd2 Ne7 (9... f6 10. f4 $5 (10. Bh3 {can transpose to the above game
}) 10... Nh6 11. Ngf3 Nf7 12. O-O-O Bh6 13. Rhf1 $14 {/\} exf4 14. gxf4 Bxf4 $2
15. Nd4 $40) 10. Bh3 Bxh3 11. Nxh3 f6 12. O-O-O Ke8 {[%cal Ye8f7,Yh8d8]} (12...
c6 13. Nc4 {[%csl Rd6] ><d6} Kc7 14. Ba3 $14 (14. f4 $5 $36)) 13. f4 $36 Nc6 {
Now a white N on d5 will be unassailable.} (13... Kf7 14. fxe5 Nxe5 15. Bxe5
fxe5 16. Ng5+ Kg8 $8 (16... Kf6 $2 17. h4 {/\Rhf1+-}) 17. Ne6 Rc8 18. Nf3 $16 {
/+-}) (13... exf4 14. Nxf4 (14. gxf4 $5 $14) 14... Kf7 15. Rhf1 $36) 14. Nc4
Nb6 $6 {Inaccurate, as Black will not get enough time for the intended Kf7 and
Rd8.} (14... Rd8 $142 $1 15. Nf2 (15. Rd2 Nc5 (15... Kf7 16. Rhd1 Nc5 17. Rd5
Nxe4 18. Rd7+ $36) 16. Rxd8+ Kxd8 17. Rd1+ Kc8 $11) (15. Ne3 Nc5 16. Nf2 (16.
Nd5 Nxe4 (16... Rd7 17. Rhe1 $14) 17. Nxc7+ Kf7 $11) 16... exf4 17. gxf4 Kf7
18. Nd5 Rd7 $11) 15... Kf7 16. Nd3 $14) 15. Ne3 $1 {[%mdl 4] White keeps more
tension and pieces on the board. Gulko proceeds to increase pressure in a
model way.} (15. Nxb6 axb6 16. a4 Rd8 $11 {/+/=}) 15... Rd8 16. Nd5 $32 Nxd5 {
Opening the position for a better developed opponent is not ideal, but sooner
or later probably forced anyway after} (16... Rd7 17. Rhf1 $36) 17. exd5 Ne7 (
17... Nb4 18. fxe5 fxe5 19. c4 $5 Nxa2+ 20. Kb1 Nb4 21. Ng5 $16 {->}) 18. c4
$16 c6 (18... Bh6 19. Rhe1 (19. Rhf1 $5) 19... Kf7 20. Kc2 $16) 19. fxe5 (19.
d6 Nf5 20. c5 Kd7 21. Rhe1 exf4 (21... Rhe8 22. g4 Nh4 23. g5 $40) 22. Nxf4
Rhe8 $14) 19... fxe5 20. Nf4 $5 (20. d6 Nf5 21. c5 Kd7 $14 {is less forcing})
20... exf4 (20... cxd5 21. Ne6 d4 $5 (21... Bh6+ 22. Kc2 $16) 22. Nxd8 Kxd8 23.
Kc2 $16) 21. Bxg7 Rg8 22. Bf6 Rf8 (22... cxd5 $2 23. Rhe1 Rd7 24. Rxd5 $18) (
22... Kf7 23. Bxe7 Kxe7 24. Rhe1+ {/\gf4+/-}) 23. Bxe7 Kxe7 24. Rhe1+ Kf6 (
24... Kd6 $142 25. gxf4 Rde8 $1 $16 {/+/= would pose White more technical
problems.}) 25. gxf4 cxd5 26. Rxd5 Rxd5 27. cxd5 {[%cal Yc1d4] Now contrary to
the previous note Black's K is cut off from the o^d5 and White just threatens
to move his K over to d4. Black's <=> is too slow.} Kf5 (27... Rd8 28. Re5 h6
29. Kd2 $5 g5 30. Ke3 $18) 28. Re7 h5 (28... Rd8 29. Rxb7 Rxd5 30. Rxa7 $18)
29. Rxb7 Kxf4 30. d6 $18 (30. Rxa7 $143 Ke5 $16 {[%cal Rf8f1,Rf8f2] /\Rf1,Rf2})
30... Rd8 31. Rxa7 Rxd6 32. a4 h4 33. a5 g5 34. Kc2 g4 35. b4 Ke4 ({Even the
more natural} 35... g3 36. hxg3+ hxg3 37. Rg7 Kf3 38. Kc3 g2 39. b5 Rd1 40. b6
$18 {is too slow.}) 36. Rg7 Kf5 37. Kc3 Rc6+ 38. Kb3 Rc1 39. a6 h3 40. b5 Rb1+
41. Kc4 Ra1 42. Kc5 Kf4 43. a7 {[%cal Rb5b7] /\b6-b7} 1-0

[Event "Sigeman & Co 09th"]
[Site "Malmo"]
[Date "2001.06.15"]
[Round "4"]
[White "Berg, Emanuel"]
[Black "Radjabov, Teimour"]
[Result "1/2-1/2"]
[WhiteElo "2474"]
[BlackElo "2533"]
[PlyCount "60"]
[EventDate "2001.06.12"]
[EventType "tourn"]
[EventRounds "9"]
[EventCountry "SWE"]
[EventCategory "13"]
[SourceTitle "CBM 084"]
[Source "ChessBase"]
[SourceDate "2001.09.13"]
[SourceVersion "1"]
[SourceVersionDate "2001.09.13"]
[SourceQuality "1"]

1. e4 e6 2. d4 d5 3. Nc3 Nf6 4. e5 Nfd7 5. f4 c5 6. Nf3 a6 7. Be3 Qb6 8. a3 Nc6
9. Be2 Qa7 10. Qd2 cxd4 11. Nxd4 Bc5 12. Rd1 O-O 13. O-O b5 14. Rf3 Bb7 15. Rh3
Nxd4 16. Bxd4 f6 17. exf6 Bxd4+ 18. Qxd4 Qxd4+ 19. Rxd4 Rxf6 20. a4 bxa4 21.
Nxa4 Raf8 22. Rf3 Bc6 23. b3 Bb5 24. Bxb5 axb5 25. Nc3 Rc8 26. Rd2 Ne5 27. Re3
Ng4 28. Rf3 Ne5 29. Re3 Ng4 30. Rf3 Ne5 1/2-1/2

[Event "Sigeman & Co 09th"]
[Site "Malmo"]
[Date "2001.06.16"]
[Round "5"]
[White "Radjabov, Teimour"]
[Black "Hector, Jonny"]
[Result "1-0"]
[WhiteElo "2533"]
[BlackElo "2546"]
[Annotator "Radjabov,T"]
[PlyCount "133"]
[EventDate "2001.06.12"]
[EventType "tourn"]
[EventRounds "9"]
[EventCountry "SWE"]
[EventCategory "13"]
[SourceTitle "CBM 084"]
[Source "ChessBase"]
[SourceDate "2001.09.13"]
[SourceVersion "1"]
[SourceVersionDate "2001.09.13"]
[SourceQuality "1"]

1. d4 d5 2. c4 c6 3. Nc3 Nf6 4. e3 e6 5. Nf3 Nbd7 6. Qc2 Bd6 7. Bd3 e5 {
Hector played already many games in this system, and had not bad results. When
I perepared for the game I saw his games vs Sokolov and Krush and some others.
But I missed one of his games which he have played against Ibragimov .} 8. cxd5
cxd5 9. Nb5 (9. e4 $5) 9... Bb8 (9... Bb4+ $5 10. Bd2 Bxd2+ 11. Nxd2 O-O 12.
Rc1 e4 13. Be2 Nb6 $11 {Was in the game: Kramnik-Ivanchuk.V 1/2 Linares 16th
1999 year}) 10. dxe5 {The position is not so sharp from the first sight, but
in the game position was very sharp! But anyway I think that White is slightly
better here and they has slight adventage.} Nxe5 11. Nxe5 Bxe5 12. Bd2 {
This is theory} O-O {Hector prefer this move than a6, like this he played vs
Sokolov and game was drawn.} (12... a6 13. Bc3 Bxc3+ 14. Nxc3 O-O 15. O-O (15.
Rd1 $5 {Irzhanov-Mosquera 1-0}) 15... d4 16. Ne4 h6 17. Rad1 $11 {This
position is not dangerous for Black because they has no weaknesses.}) 13. Bc3
Bxc3+ {Now Black takes on c3 in view of variation :} (13... Bb8 14. Bxf6 Qxf6
15. Bxh7+ Kh8 16. Bd3 $16 {And white stays with one pawn more.}) 14. Qxc3 (14.
Nxc3 d4 $11) 14... Ne4 $5 {The idea of the move is that after taking on e4
white will gain many problems with position of their king for example If 14.
Bxe4-dxe4 15.0-0 then just Qg5 and Bh3 creates troubles for white.} 15. Qd4 $1
{Much stronger and much better!  Now White is occupating the center and soon
they will try to attack pawn on d5 by Rd1-Nc3 somewhere White can take on e4,
with an adventage for White.} Qg5 $6 {Maybe this move is interesting But I
think white gains adventage here in because of better placed pieces!} (15...
Re8 $5 16. O-O {And idea is Rfd1 with some troubles for d-pawn.}) 16. Nc7 $1 {
Accepting the battle, if not to accept white has only troubles.} Qxg2 {I was
actually very surprised in this position , because of my opponent play, active,
without any nerves in so sharp and Morozevich style- position!} (16... Bf5 $5
17. Nxa8 Qxg2 18. O-O-O Nxf2 (18... Qxf2 {And here some play on mate!} 19. Nc7
$1 Rc8 20. Kb1 Rxc7 (20... Nd2+ 21. Ka1 Bxd3 22. Nxd5 $18) 21. Bxe4 Bxe4+ 22.
Qxe4 $1 $18) (18... Rc8+ 19. Kb1 Nd2+ 20. Ka1 Bxd3 21. Qxd3 Nc4 {And here as
well as just simple exchange Qxd5 wins the game wins b3 for example.} 22. Qxd5
$18 (22. b3 $5 $18)) (18... g6 19. Nc7 Rc8 20. Qe5 Nxf2 (20... Qxf2 21. Kb1
Qxe3 22. Ka1 Rxc7 23. Qxc7 Nf2 24. Rhe1 $18) 21. Bxf5 Nxd1 22. Bxc8 Nxe3 23.
Qe8+ Kg7 24. Ne6+ fxe6 25. Qe7+ $18) (18... Bg6 19. Rhg1 Rc8+ 20. Kb1 Qf3 21.
Ka1 Nxf2 22. Bxg6 fxg6 23. Rc1 $3 Rxa8 24. Rc7 Qf6 25. Qxd5+ $18) (18... Qf3
19. Qxd5 Rxa8 20. Bc4 h6 21. Qxf7+ Kh7 22. Rhg1 Ng5 23. Rxg5 hxg5 24. Rd7 $1
$18) 19. Bxf5 Nxh1 20. Nc7 Nf2 21. Re1 $18 {It is a clear win for white}) 17.
Bxe4 (17. O-O-O {It was interesting to try this move too, but I think that
Bxe4 is better.   But as I found this transfers only to the same posiiton as
in the game.} Bg4 18. Rhg1 Qxh2 19. Nxa8 h5 {Transfers to the same position as
in the game.}) 17... dxe4 18. O-O-O Bg4 $1 {The only move!} (18... Bh3 19. Rhg1
Rac8 20. Rxg2 Rxc7+ 21. Kb1 Bxg2 22. Rg1 Rfc8 23. a3 Rc4 24. Qe5 R4c5 25. Qg3
$18) 19. Rhg1 Qxh2 $1 {This defence is brilliant! Black waits and want to take
knight on a8 and White can't do anything!! But I have not found more than to
take and to save the knight.} 20. Nxa8 h5 $3 {Now, mate on g7 is black's
bishop moves somewhere, rooks are ok, King is not in trouble but I need to
save my knight and I can't!} 21. Rh1 (21. Qxa7 Bxd1 22. Rxd1 Rc8+ 23. Kb1 Qxf2
24. Nc7 Qe2 25. Rc1 Qd3+ $15) (21. Rde1 $1 Rxa8 22. Qxe4 Qxf2 23. Qxb7 Rc8+ 24.
Kb1 $16) 21... Rc8+ 22. Kb1 Qxf2 23. Nc7 Bxd1 24. Rxd1 (24. Qxd1 Qf3 $1 $11)
24... Qe2 25. Rg1 g6 26. a4 Kh7 (26... Qd3+ $1 $11) 27. Nb5 Qc2+ 28. Ka2 Rc4
29. Qd5 Rxa4+ 30. Na3 {I sacrificed pawn , just to activate my pieces! And to
try to attack black's king.} Qf2 31. Rc1 Kg7 32. Rc8 Qf6 33. Qxb7 a5 34. Qc7 $5
{Here I was in time-trouble so nothing to comment here actually I made no
mistakes, seriously here.} Rb4 35. Nc4 Qe6 36. Qd8 Kh6 37. Qh8+ Kg5 38. Rc5+ f5
39. Qd8+ Kh6 40. Qc7 h4 {Time-trouble is finished And I started to think in
this position, but played quickly Kb1.} 41. Kb1 Qg8 $1 {My opponent played
surprisingly strong move! Now Qg7 is an idea and I need to find something
strong here.} 42. Qf4+ Kh5 43. Ne5 $5 (43. Qxe4 $4 Qxc4 $3 44. Qxc4 Rxc4 45.
Rxc4 h3 46. e4 g5 47. exf5 (47. e5 g4 48. e6 Kg6 49. Rc1 h2 $2 (49... Kf6 $1
50. Re1 Ke7 $19) 50. Re1 $18) 47... g4 48. f6 h2 49. Rc1 Kg6 $19) 43... a4 $5 (
43... Qb3 $4 44. Qg4+ $3 fxg4 45. Nf7+ {With mate!!!}) (43... Qb8 44. Qg4+ fxg4
45. Nf7+) (43... Qd8 $5 44. Qf2 $16) 44. Nxg6 Rxb2+ 45. Kc1 Rb1+ 46. Kxb1 Qb3+
47. Kc1 Qa3+ 48. Kd1 (48. Kd2 $6 {Transfers into the same position , but with
some troubles.} Qxc5 49. Nxh4 Qb4+ 50. Ke2 Qb2+ 51. Kf1 Qa1+ 52. Kf2 Qb2+ 53.
Kg1 Qg7+ 54. Ng2 Qg4 55. Qd6 $18) 48... Qxc5 49. Nxh4 Qd5+ 50. Ke1 Qa5+ 51. Kf1
(51. Kf2 $2 Qd2+ 52. Kg3 (52. Kf1 Qd1+ 53. Kg2 Qg4+ 54. Qxg4+ Kxg4 55. Ng6 a3
56. Ne5+ Kg5 $19) 52... Qe1+ 53. Kh3 (53. Kg2 Qxh4 54. Qxf5+ Qg5+ $19) 53...
Qh1+ 54. Kg3 Qe1+ $11) 51... Qb5+ 52. Kg1 Qe2 53. Ng2 Qd1+ $6 (53... Qg4 $5 54.
Qd6 Kg5 55. Qd8+ Kg6 (55... Kh6 56. Qh8+ Kg5 57. Qg7+ Kh5 58. Qa1 $3 $18 {
It was very important to bring black's king to h5 square because after a3 now
Qxa3-Qd1+  Kh2 wins, but if king were on g6 then after a3 -Qxa3 Qd1-h5 it was
draw.}) 56. Qe8+ Kh6 57. Qxa4 $18 {[%cal Ga4d1,Rg4d1]}) 54. Kh2 Qd7 55. Qh4+
Kg6 56. Nf4+ Kf7 57. Qh7+ Ke8 58. Qg8+ Ke7 59. Kg3 Kd6 60. Qd5+ Ke7 61. Ng6+
Kd8 62. Qa8+ Kc7 63. Kf4 Qb5 64. Ne7 Qc5 65. Nxf5 a3 66. Nd4 Qc1 67. Qxa3 $18
1-0

[Event "Sigeman & Co 09th"]
[Site "Malmo"]
[Date "2001.06.19"]
[Round "8"]
[White "Hansen, Curt"]
[Black "Radjabov, Teimour"]
[Result "1/2-1/2"]
[WhiteElo "2619"]
[BlackElo "2533"]
[PlyCount "73"]
[EventDate "2001.06.12"]
[EventType "tourn"]
[EventRounds "9"]
[EventCountry "SWE"]
[EventCategory "13"]
[SourceTitle "CBM 084"]
[Source "ChessBase"]
[SourceDate "2001.09.13"]
[SourceVersion "1"]
[SourceVersionDate "2001.09.13"]
[SourceQuality "1"]

1. Nf3 Nf6 2. c4 g6 3. Nc3 Bg7 4. e4 d6 5. d4 O-O 6. Be2 e5 7. Be3 Ng4 8. Bg5
f6 9. Bc1 Nc6 10. h3 Nh6 11. O-O Nf7 12. Be3 exd4 13. Nxd4 Nxd4 14. Bxd4 c5 15.
Be3 f5 16. exf5 Bxf5 17. Qd2 Qd7 18. Rad1 Rad8 19. Rfe1 Kh8 20. f4 b6 21. Bf3
g5 22. fxg5 Ne5 23. Bd5 Rde8 24. Rf1 Ng6 25. Rde1 Re5 26. Kh2 Rfe8 27. Bf2 Rxe1
28. Rxe1 Rxe1 29. Bxe1 Nf4 30. Qxf4 Be5 31. Ne2 Bxf4+ 32. Nxf4 Kg7 33. g4 Bxg4
34. Bc3+ Kf8 35. hxg4 Qxg4 36. Ne6+ Ke8 37. Ng7+ 1/2-1/2